[Event "9. Lichtenberger Sommer"]
[Site "Berlin"]
[Date "2010.08.07"]
[Round "1.1"]
[White "Braun, Arik"]
[Black "Kuhn, Christian"]
[Result "1-0"]
[WhiteElo "2509"]
[BlackElo "1817"]
[PlyCount "35"]
[EventDate "2010.??.??"]
[WhiteTeam "SC Eppingen"]
[BlackTeam "Spvgg 1946 e.V. Stetten"]

1. d4 Nf6 2. c4 g6 3. Nf3 Bg7 4. g3 d6 5. Bg2 O-O 6. O-O Nbd7 7. Nc3 e5 8. e4
exd4 9. Nxd4 a5 10. h3 Nc5 11. Re1 Nfd7 12. Be3 Ne6 13. Ndb5 Nb6 14. Bf1 Nd7
15. Qe2 Ndc5 16. Rad1 Qe7 17. Nd5 Qd8 18. Ndxc7 1-0

[Event "9. Lichtenberger Sommer"]
[Site "Berlin"]
[Date "2010.08.07"]
[Round "1.2"]
[White "Bergmann, Jens"]
[Black "Stern, René"]
[Result "0-1"]
[WhiteElo "1811"]
[BlackElo "2477"]
[PlyCount "58"]
[EventDate "2010.??.??"]
[WhiteTeam "SK Tempelhof 1931 e.V."]
[BlackTeam "SK König Tegel 1949 e.V."]

1. e4 e5 2. g3 d5 3. Bg2 dxe4 4. Bxe4 Nf6 5. Bg2 Bc5 6. Ne2 h5 7. h3 c6 8. Nbc3
Na6 9. Na4 e4 10. Nxc5 Nxc5 11. b4 Ne6 12. Bb2 Ng5 13. Nf4 h4 14. d3 Qe7 15.
Bxf6 Qxf6 16. Rb1 Ne6 17. Ne2 hxg3 18. fxg3 exd3 19. Qxd3 O-O 20. Rf1 Qh6 21.
Qd2 Qg6 22. g4 Rd8 23. Qc3 Nc7 24. Nf4 Qg5 25. Nh5 Nb5 26. Qxg7+ Qxg7 27. Nxg7
Kxg7 28. Rb3 Be6 29. g5 Bxb3 0-1

[Event "9. Lichtenberger Sommer"]
[Site "Berlin"]
[Date "2010.08.07"]
[Round "1.3"]
[White "Rabiega, Robert"]
[Black "Barwich, Alfred"]
[Result "1-0"]
[WhiteElo "2466"]
[BlackElo "1811"]
[PlyCount "65"]
[EventDate "2010.??.??"]
[WhiteTeam "SK König Tegel 1949 e.V."]
[BlackTeam "SV Berolina Mitte e.V."]

1. e4 e5 2. Bc4 Nf6 3. d3 Nc6 4. Nf3 Be7 5. O-O d6 6. a4 O-O 7. a5 a6 8. c3 Bg4
9. h3 Bh5 10. Re1 Qd7 11. Nbd2 Nd8 12. Nf1 c6 13. Ng3 Bxf3 14. Qxf3 d5 15. Bb3
dxe4 16. dxe4 Ne6 17. Nf5 Nc5 18. Bc4 Bd8 19. Bh6 Ne8 20. Rad1 Qc7 21. Be3 Nd7
22. Nh6+ gxh6 23. Bxh6 Kh8 24. Rxd7 Qxd7 25. Bxf8 Kg8 26. Rd1 Qc7 27. Bh6 Qe7
28. Qg4+ Kh8 29. Rd7 Qf6 30. Bxf7 Ng7 31. Be3 Be7 32. Bc4 h5 33. Qe2 1-0

[Event "9. Lichtenberger Sommer"]
[Site "Berlin"]
[Date "2010.08.07"]
[Round "1.4"]
[White "Große-Honebrink, Brigitte"]
[Black "Richter, Michael"]
[Result "0-1"]
[WhiteElo "1806"]
[BlackElo "2411"]
[PlyCount "58"]
[EventDate "2010.??.??"]
[WhiteTeam "SC Kreuzberg e.V."]
[BlackTeam "Schachpinguine Berlin e.V."]

1. d4 d5 2. Nf3 Nf6 3. c4 c6 4. cxd5 cxd5 5. Nc3 Nc6 6. Bg5 Ne4 7. Nxe4 dxe4 8.
d5 Qa5+ 9. Qd2 e6 10. Qxa5 Nxa5 11. Nd2 exd5 12. e3 Bb4 13. Bb5+ Bd7 14. Bxd7+
Kxd7 15. O-O-O Ke6 16. Kb1 h6 17. Bf4 g5 18. Bg3 f5 19. a3 Bxd2 20. Rxd2 Nc4
21. Rd4 Rhf8 22. Rhd1 f4 23. exf4 gxf4 24. Bh4 Rf5 25. f3 exf3 26. gxf3 Rg8 27.
Re1+ Re5 28. Rc1 Re2 29. Rc2 Rg1+ 0-1

[Event "9. Lichtenberger Sommer"]
[Site "Berlin"]
[Date "2010.08.07"]
[Round "1.5"]
[White "Kalinitschew, Sergey"]
[Black "Nagel, Gerhard"]
[Result "1-0"]
[WhiteElo "2385"]
[BlackElo "1804"]
[PlyCount "55"]
[EventDate "2010.??.??"]
[WhiteTeam "SC Kreuzberg e.V."]
[BlackTeam "SC Einheit Bautzen"]

1. d4 d5 2. c4 c6 3. Nf3 Nf6 4. Nbd2 Bf5 5. e3 e6 6. Nh4 Bg6 7. Qb3 Qc7 8. Nxg6
hxg6 9. g3 Nbd7 10. Bg2 Nb6 11. O-O Be7 12. e4 dxe4 13. Nxe4 Nxe4 14. Bxe4 O-O
15. Bf4 Qd7 16. Rad1 Rad8 17. a4 Qc8 18. a5 Nd7 19. Bg2 Nf6 20. Rfe1 Rfe8 21.
a6 Rd7 22. Qa4 Red8 23. axb7 Rxb7 24. b3 Bf8 25. Rd3 Nh5 26. Bd2 Bc5 27. Bxc6
Rb6 28. dxc5 1-0

[Event "9. Lichtenberger Sommer"]
[Site "Berlin"]
[Date "2010.08.07"]
[Round "1.6"]
[White "Getzuhn, Detlef"]
[Black "Von Herman, Ulf"]
[Result "0-1"]
[WhiteElo "1803"]
[BlackElo "2381"]
[PlyCount "120"]
[EventDate "2010.??.??"]
[WhiteTeam "SV Senat"]
[BlackTeam "SK König Tegel 1949 e.V."]

1. e4 c5 2. Nf3 e6 3. c4 Nc6 4. Nc3 Nge7 5. d4 cxd4 6. Nxd4 Nxd4 7. Qxd4 Nc6 8.
Qd1 Bc5 9. Be2 O-O 10. O-O b6 11. a3 Bb7 12. b4 Bd4 13. Bb2 Bf6 14. f4 a5 15.
e5 Be7 16. b5 Nd4 17. Bd3 Bc5 18. Kh1 d6 19. Na4 dxe5 20. Nxc5 bxc5 21. Bxd4
Qxd4 22. fxe5 Qxe5 23. Qc2 g6 24. Rae1 Qc7 25. Be4 Bxe4 26. Qxe4 Rad8 27. Rd1
Rd6 28. Rxd6 Qxd6 29. Qf3 Qd4 30. Qb3 Rd8 31. h3 Qd3 32. Qxd3 Rxd3 33. Rb1 a4
34. b6 Rd8 35. Rb5 Rb8 36. Rxc5 Rxb6 37. Ra5 Rb3 38. Rxa4 Rc3 39. Kg1 e5 40.
Kf2 f5 41. Ke2 e4 42. Kd2 Rg3 43. c5 Kf7 44. c6 Ke6 45. Rc4 Rd3+ 46. Ke2 Rd8
47. Ke3 Ke5 48. Rc5+ Kd6 49. Rc3 Rc8 50. g4 Rxc6 51. Rb3 Rc1 52. gxf5 gxf5 53.
Kf4 Rf1+ 54. Kg3 Rd1 55. Kf4 Rf1+ 56. Kg3 f4+ 57. Kg2 Rd1 58. Rb8 Rd2+ 59. Kf1
Ke5 60. Re8+ Kd4 0-1

[Event "9. Lichtenberger Sommer"]
[Site "Berlin"]
[Date "2010.08.07"]
[Round "1.7"]
[White "Figura, Atila Gajo"]
[Black "Schüler, Wolfgang"]
[Result "1-0"]
[WhiteElo "2361"]
[BlackElo "1802"]
[PlyCount "89"]
[EventDate "2010.??.??"]
[WhiteTeam "SC Kreuzberg e.V."]
[BlackTeam "SC Friesen Lichtenberg e.V."]

1. d4 d5 2. c4 c6 3. Nf3 Nf6 4. Nbd2 e6 5. g3 Nbd7 6. Bg2 Be7 7. O-O O-O 8. Re1
c5 9. cxd5 exd5 10. b3 cxd4 11. Nxd4 Nc5 12. Bb2 Qb6 13. Qc2 Be6 14. Rac1 Rac8
15. Qb1 Ncd7 16. a3 a5 17. e3 Rfe8 18. h3 Bc5 19. N2f3 Ne4 20. Qa1 Ndf6 21.
Nxe6 Qxe6 22. Bd4 Qb6 23. Qb2 Bxd4 24. Nxd4 Rc5 25. Rxc5 Nxc5 26. Rd1 Nce4 27.
Rc1 Qd6 28. Nf5 Qd7 29. Nd4 Rc8 30. g4 h6 31. Nf5 Rxc1+ 32. Qxc1 Kh7 33. f3 Nd6
34. Nd4 Kg8 35. Qc5 Qd8 36. Bf1 g6 37. Bd3 Kg7 38. Ne2 Nde8 39. Nf4 b6 40. Qd4
Qd6 41. b4 axb4 42. axb4 Qc6 43. Kg2 Kh7 44. h4 Nc7 45. h5 1-0

[Event "9. Lichtenberger Sommer"]
[Site "Berlin"]
[Date "2010.08.07"]
[Round "1.8"]
[White "Keusch, Horst"]
[Black "Köpke, Christian"]
[Result "1/2-1/2"]
[WhiteElo "1799"]
[BlackElo "2343"]
[PlyCount "52"]
[EventDate "2010.??.??"]
[WhiteTeam "SC Friesen Lichtenberg e.V."]
[BlackTeam "SC Tarrasch 45 München"]

1. f4 c5 2. Nf3 g6 3. e4 Bg7 4. Be2 Nc6 5. d3 e6 6. c3 d5 7. O-O Nge7 8. Na3
Rb8 9. Nc2 b5 10. Rb1 O-O 11. Kh1 b4 12. Bd2 bxc3 13. bxc3 Ba6 14. e5 Qc7 15.
Rb3 f6 16. d4 Bxe2 17. Qxe2 fxe5 18. fxe5 cxd4 19. Ncxd4 Nxd4 20. cxd4 Nf5 21.
Rc1 Qd7 22. Bb4 Rfc8 23. Rxc8+ Rxc8 24. Bc5 h6 25. Qb2 Rc7 26. g4 Ne7 1/2-1/2

[Event "9. Lichtenberger Sommer"]
[Site "Berlin"]
[Date "2010.08.07"]
[Round "1.9"]
[White "Muse, Drazen"]
[Black "Streit, Jürgen"]
[Result "1-0"]
[WhiteElo "2311"]
[BlackElo "1795"]
[PlyCount "83"]
[EventDate "2010.??.??"]
[WhiteTeam "SK König Tegel 1949 e.V."]
[BlackTeam "Schachzirkel Elstertal Langenber"]

1. Nf3 Nf6 2. c4 c5 3. Nc3 e6 4. g3 b6 5. Bg2 Bb7 6. O-O a6 7. b3 Be7 8. Bb2
O-O 9. e3 d6 10. d4 cxd4 11. exd4 Qc7 12. Rc1 Nbd7 13. d5 e5 14. Nh4 Rfe8 15.
Nf5 Bf8 16. g4 g6 17. Ng3 h6 18. h4 Bg7 19. g5 hxg5 20. hxg5 Nh7 21. Nce4 Nc5
22. b4 Nxe4 23. Nxe4 Qe7 24. Qd2 f5 25. gxf6 Nxf6 26. Nxf6+ Bxf6 27. f4 Kg7 28.
fxe5 Bxe5 29. Bxe5+ Qxe5 30. Rce1 Qg3 31. Qd4+ Kg8 32. Rxe8+ Rxe8 33. Qxb6 Re2
34. Qd8+ Kh7 35. Qd7+ Kh6 36. Qh3+ Qxh3 37. Bxh3 a5 38. Rf7 Bxd5 39. cxd5 axb4
40. Rf2 Re3 41. Bg2 b3 42. axb3 1-0

[Event "9. Lichtenberger Sommer"]
[Site "Berlin"]
[Date "2010.08.07"]
[Round "1.10"]
[White "Fleischmann, Torsten"]
[Black "Brüdigam, Martin"]
[Result "0-1"]
[WhiteElo "1790"]
[BlackElo "2304"]
[PlyCount "88"]
[EventDate "2010.??.??"]
[WhiteTeam "Treptower SV 1949 e.V."]
[BlackTeam "Sfrd. Berlin 1903 e.V."]

1. d4 Nf6 2. c4 e6 3. Nc3 Bb4 4. Bg5 h6 5. Bxf6 Qxf6 6. Rc1 c5 7. Nf3 cxd4 8.
Qxd4 Qxd4 9. Nxd4 Nc6 10. e3 Nxd4 11. exd4 b6 12. Be2 Bb7 13. O-O Rc8 14. a3
Be7 15. d5 O-O 16. Nb5 a6 17. Nc3 d6 18. dxe6 fxe6 19. Rcd1 Rc5 20. Na4 Re5 21.
Bg4 Rf4 22. Bh3 Rxc4 23. Nxb6 Rc2 24. b4 Kf7 25. Rc1 Ree2 26. Nc4 Be4 27. Bg4
Rxc1 28. Bxe2 Rc3 29. Nd2 Bb7 30. Nb1 Rb3 31. Bc4 Rb2 32. f3 Bg5 33. Rd1 Be3+
34. Kh1 d5 35. Bd3 e5 36. Re1 Bd4 37. Re2 e4 38. Rxb2 Bxb2 39. fxe4 dxe4 40.
Bc4+ Kf6 41. Kg1 Ke5 42. Kf2 Kd4 43. Be2 e3+ 44. Kf1 Be4 0-1

[Event "9. Lichtenberger Sommer"]
[Site "Berlin"]
[Date "2010.08.07"]
[Round "1.11"]
[White "Postler, Reinhard"]
[Black "Buraczynski, Radoslaw"]
[Result "1-0"]
[WhiteElo "2265"]
[BlackElo "1789"]
[PlyCount "95"]
[EventDate "2010.??.??"]
[WhiteTeam "TSG Oberschöneweide e.V."]
[BlackTeam "USG Chemnitz"]

1. e4 e6 2. d4 d5 3. Nd2 Nf6 4. e5 Nfd7 5. f4 c5 6. c3 Nc6 7. Ndf3 Qb6 8. g3
cxd4 9. cxd4 Bb4+ 10. Kf2 O-O 11. Bh3 Ne7 12. a3 Qa6 13. Bf1 b5 14. Be3 Ba5 15.
b4 Bb6 16. a4 f6 17. Bxb5 Qb7 18. Kg2 Nf5 19. Bf2 fxe5 20. fxe5 a6 21. Bd3 Bd8
22. g4 Nh6 23. h3 Nb6 24. Qc2 g6 25. Be3 Kg7 26. Ne2 Nc4 27. Bd2 Bd7 28. Rhb1
Rc8 29. Qd1 Be8 30. Ng3 Qf7 31. Qe2 Bc6 32. Rf1 Qd7 33. Bg5 Bxa4 34. Bf6+ Kg8
35. Ng5 Bb5 36. Nh5 Nb6 37. Ng7 Bxd3 38. Qxd3 Qb5 39. Qxb5 Rc2+ 40. Kg1 axb5
41. N7xe6 Bxf6 42. exf6 Re8 43. Ra7 Nc8 44. Rg7+ Kh8 45. Rxh7+ Kg8 46. f7+ Nxf7
47. Rg7+ Kh8 48. Nxf7# 1-0

[Event "9. Lichtenberger Sommer"]
[Site "Berlin"]
[Date "2010.08.07"]
[Round "1.12"]
[White "Schmalzried, Volker"]
[Black "Schmid, Thomas"]
[Result "0-1"]
[WhiteElo "1786"]
[BlackElo "2262"]
[PlyCount "106"]
[EventDate "2010.??.??"]
[WhiteTeam "Umweltbundesamt"]
[BlackTeam "Lübecker SV von 1873"]

1. c4 c5 2. Nc3 Nc6 3. Nf3 g6 4. g3 Bg7 5. Bg2 e6 6. O-O Nge7 7. e3 O-O 8. d4
cxd4 9. exd4 d5 10. cxd5 Nxd5 11. Nxd5 Qxd5 12. Ne5 Qxd4 13. Nxc6 bxc6 14. Qxd4
Bxd4 15. Bxc6 Rb8 16. Rb1 Rd8 17. b4 e5 18. b5 Be6 19. a4 Bc4 20. Bg5 Bxf1 21.
Bxd8 Bd3 22. Bc7 Rc8 23. Rd1 Bc2 24. Rc1 Bxa4 25. Bd7 Ra8 26. Bc6 Rf8 27. Kg2
Kg7 28. Re1 a6 29. Bd6 Rd8 30. Bxe5+ Bxe5 31. Rxe5 Rb8 32. Re4 Bxb5 33. Bxb5
axb5 34. Rb4 Kf6 35. Kf3 Ke5 36. Ke3 Kd5 37. Kd3 Kc5 38. Re4 Rb7 39. Kc3 Ra7
40. Re5+ Kc6 41. f4 Kb6 42. Kb3 Rd7 43. Kc3 Ka5 44. f5 Ka4 45. g4 b4+ 46. Kb2
Rd2+ 47. Kc1 Rxh2 48. Re7 Rg2 49. Rxf7 Rxg4 50. f6 Rf4 51. Rf8 Kb3 52. f7 g5
53. Kd2 h5 0-1

[Event "9. Lichtenberger Sommer"]
[Site "Berlin"]
[Date "2010.08.07"]
[Round "1.13"]
[White "Syré, Christian"]
[Black "Hantusch, Ralf"]
[Result "0-1"]
[WhiteElo "2244"]
[BlackElo "1778"]
[PlyCount "56"]
[EventDate "2010.??.??"]
[WhiteTeam "TSG Oberschöneweide e.V."]
[BlackTeam "SV Bau-Union e.V."]

1. d4 Nf6 2. Nf3 g6 3. c4 d5 4. cxd5 Nxd5 5. e4 Nb6 6. h3 Bg7 7. Nc3 O-O 8. Be3
Nc6 9. Rc1 e5 10. d5 Ne7 11. Be2 Bd7 12. O-O f5 13. Qb3 Kh8 14. Rfd1 fxe4 15.
Nxe4 Ba4 16. Qa3 Bxd1 17. Rxd1 h6 18. Bc5 Nbc8 19. d6 cxd6 20. Nxd6 Nxd6 21.
Bxd6 Re8 22. Nxe5 Kh7 23. Nf7 Qd7 24. Qb3 a6 25. Be5 Qc6 26. a4 Nf5 27. Bf3 Qe6
28. Bd5 Qe7 0-1

[Event "9. Lichtenberger Sommer"]
[Site "Berlin"]
[Date "2010.08.07"]
[Round "1.14"]
[White "Mehringer, Jörg"]
[Black "Dauth, Benjamin"]
[Result "0-1"]
[WhiteElo "1777"]
[BlackElo "2243"]
[PlyCount "104"]
[EventDate "2010.??.??"]
[WhiteTeam "SC Weisse Dame e.V."]
[BlackTeam "SC Rotation Pankow e.V."]

1. e4 e5 2. Nf3 Nc6 3. Bc4 Nf6 4. Ng5 d5 5. exd5 b5 6. Be2 Nxd5 7. d3 Be7 8.
Nf3 O-O 9. O-O Rb8 10. Nc3 Nxc3 11. bxc3 Bf6 12. Nd2 g6 13. Rb1 Be6 14. a3 Bg7
15. Nb3 Ne7 16. Be3 Nd5 17. Qd2 Nxe3 18. Qxe3 Rb6 19. Nc5 Bd5 20. a4 c6 21. Rb4
f5 22. f3 Qd6 23. Rfb1 Bh6 24. Qxh6 Qxc5+ 25. Kf1 Qxc3 26. Qc1 a5 27. Rh4 b4
28. Qe3 c5 29. Qg5 Rbf6 30. Qe3 f4 31. Qc1 Kg7 32. Rg4 h6 33. Rh4 g5 34. Rh3
Be6 35. g4 Ba2 36. Rb2 Bf7 37. Rb1 h5 38. gxh5 Kh6 39. Kg2 Ba2 40. Rb2 Bd5 41.
Kf1 Rg8 42. Rb1 Be6 43. Kg2 Ba2 44. Rb2 Bd5 45. Kf1 Bc6 46. Rb3 Qd4 47. c3 Qd7
48. Kg2 g4 49. Rg3 gxf3+ 50. Bxf3 Bxf3+ 51. Kxf3 Rxg3+ 52. hxg3 Qxd3+ 0-1

[Event "9. Lichtenberger Sommer"]
[Site "Berlin"]
[Date "2010.08.07"]
[Round "1.15"]
[White "Petersen, Soren Boeck"]
[Black "Schulz, Toni"]
[Result "1-0"]
[WhiteElo "2238"]
[BlackElo "1767"]
[PlyCount "33"]
[EventDate "2010.??.??"]
[WhiteTeam "Damhus Skakklub"]
[BlackTeam "ESV Lok Raw Cottbus e.V."]

1. e4 d5 2. exd5 Qxd5 3. Nc3 Qa5 4. d4 Nf6 5. Nf3 c6 6. Bc4 Bf5 7. Bd2 e6 8.
Nd5 Qd8 9. Nxf6+ Qxf6 10. Qe2 Nd7 11. O-O-O b5 12. Bb3 a5 13. d5 cxd5 14. Bg5
Qg6 15. Rxd5 Be7 16. Bxe7 Kxe7 17. Rxd7+ 1-0

[Event "9. Lichtenberger Sommer"]
[Site "Berlin"]
[Date "2010.08.07"]
[Round "1.16"]
[White "Albinus, Günter"]
[Black "Plump, Detlef"]
[Result "0-1"]
[WhiteElo "1767"]
[BlackElo "2226"]
[PlyCount "106"]
[EventDate "2010.??.??"]
[WhiteTeam "SG Weißensee 49 e.V."]
[BlackTeam "Chessclub York"]

1. Nf3 Nf6 2. b3 c5 3. Bb2 e6 4. e3 d5 5. Be2 Nc6 6. d4 cxd4 7. Nxd4 Bb4+ 8. c3
Bd6 9. O-O O-O 10. c4 Nxd4 11. Qxd4 e5 12. Qd2 dxc4 13. Bxc4 Qe7 14. Rd1 Bb4
15. Bc3 a5 16. a3 Ne4 17. Bxb4 axb4 18. Qc2 Bf5 19. Qb2 Rfd8 20. Be2 Rxd1+ 21.
Bxd1 Rd8 22. Be2 h6 23. f3 Nf6 24. axb4 Qxb4 25. Nc3 Be6 26. Kf2 Rc8 27. Rc1
Qxb3 28. Qd2 Qb4 29. e4 Qd4+ 30. Qe3 Kf8 31. Qxd4 exd4 32. Na2 Rxc1 33. Nxc1
Ke7 34. Bb5 Kd6 35. Nd3 Nd7 36. f4 f6 37. Ke2 Nc5 38. Nf2 Bd7 39. Bc4 Bc6 40.
Bd3 Nxd3 41. Kxd3 Kc5 42. g3 Bb5+ 43. Kc2 Bc4 44. Nd3+ Bxd3+ 45. Kxd3 h5 46. h3
b5 47. g4 hxg4 48. hxg4 b4 49. f5 b3 50. e5 fxe5 51. g5 Kd6 52. f6 gxf6 53. g6
Ke7 0-1

[Event "9. Lichtenberger Sommer"]
[Site "Berlin"]
[Date "2010.08.07"]
[Round "1.17"]
[White "Vogel, Robert"]
[Black "Junge, Wolfgang"]
[Result "1-0"]
[WhiteElo "2218"]
[BlackElo "1765"]
[PlyCount "61"]
[EventDate "2010.??.??"]
[WhiteTeam "SGem Pang/Rosenheim"]
[BlackTeam "SC Friesen Lichtenberg e.V."]

1. d4 Nf6 2. c4 e6 3. g3 d5 4. Bg2 Be7 5. Nf3 O-O 6. O-O Nbd7 7. b3 c6 8. Bb2
Re8 9. Nbd2 b6 10. Qc2 Bb7 11. Rfd1 Rc8 12. Rac1 c5 13. Qb1 dxc4 14. Nxc4 Bd5
15. dxc5 Bxc5 16. Nd4 Bxg2 17. Kxg2 Qe7 18. Nb5 a6 19. Nbd6 Bxd6 20. Nxd6 Rxc1
21. Qxc1 Rd8 22. Nb7 Rb8 23. Ba3 Qe8 24. Nd6 Qd8 25. e4 b5 26. Bb2 Qb6 27. Qf4
Rd8 28. e5 Qc6+ 29. Kg1 Nb6 30. exf6 Nd5 31. Qg5 1-0

[Event "9. Lichtenberger Sommer"]
[Site "Berlin"]
[Date "2010.08.07"]
[Round "1.18"]
[White "Lang, Martin"]
[Black "Brustkern, Jürgen"]
[Result "0-1"]
[WhiteElo "1762"]
[BlackElo "2215"]
[PlyCount "66"]
[EventDate "2010.??.??"]
[WhiteTeam "SC Zugzwang 95 e.V."]
[BlackTeam "SK Zehlendorf e.V."]

1. e4 g6 2. Nf3 Bg7 3. Bc4 c6 4. O-O d5 5. Bb3 Bg4 6. Qe2 e6 7. d3 Ne7 8. Nbd2
a5 9. exd5 cxd5 10. c3 a4 11. Bc2 O-O 12. d4 Nbc6 13. h3 Bf5 14. Bd1 h5 15. Re1
Qb6 16. g4 hxg4 17. hxg4 Bxg4 18. Qe3 e5 19. Qg5 Bxf3 20. Nxf3 exd4 21. Bc2
dxc3 22. bxc3 f6 23. Qg4 Ne5 24. Nxe5 fxe5 25. Be3 Qf6 26. Bxa4 Rxa4 27. Qxa4
d4 28. Qb3+ Rf7 29. cxd4 exd4 30. Bf4 Qxf4 31. Qxb7 Qxf2+ 32. Kh1 Be5 33. Qg2
Rh7+ 0-1

[Event "9. Lichtenberger Sommer"]
[Site "Berlin"]
[Date "2010.08.07"]
[Round "1.20"]
[White "Körner, Helmut"]
[Black "Höckendorf, Hartmut"]
[Result "0-1"]
[WhiteElo "1755"]
[BlackElo "2187"]
[PlyCount "86"]
[EventDate "2010.??.??"]
[WhiteTeam "Sfr.Nord-Ost Berlin"]
[BlackTeam "BSG Pneumant Fürstenwalde e.V."]

1. b4 f5 2. Bb2 Nf6 3. Nf3 e6 4. b5 b6 5. e3 Bb7 6. c4 Be7 7. Nc3 O-O 8. Be2
Ne4 9. d3 Nxc3 10. Bxc3 Bf6 11. d4 d6 12. a4 a5 13. Qc2 Nd7 14. O-O-O c6 15.
Kb1 cxb5 16. cxb5 Rc8 17. Qb2 Be4+ 18. Ka1 Qe7 19. Rc1 e5 20. Rhd1 exd4 21.
exd4 Bd5 22. Ne1 Bg5 23. Bd2 Bf6 24. Bc3 Qf7 25. Rd3 g6 26. f4 Rfe8 27. Bf3 Bc4
28. Rd2 Re3 29. Bd1 Bd5 30. Rd3 Rxd3 31. Nxd3 Nf8 32. Qd2 Ne6 33. Bb2 Rxc1+ 34.
Qxc1 Nxd4 35. Qe3 Qg7 36. Qe8+ Qf8 37. Qe3 Bb3 38. Bxd4 Bxd1 39. Nb2 Bc2 40.
Qe6+ Kg7 41. Bxb6 d5 42. Ka2 Qb4 43. Qd7+ Kh6 0-1

[Event "9. Lichtenberger Sommer"]
[Site "Berlin"]
[Date "2010.08.07"]
[Round "1.22"]
[White "Metin, Altug"]
[Black "Friedrich, Wiede"]
[Result "0-1"]
[WhiteElo "1748"]
[BlackElo "2178"]
[PlyCount "92"]
[EventDate "2010.??.??"]
[WhiteTeam "vereinslos"]
[BlackTeam "USV Potsdam e.V., Abt. Schach"]

1. e4 c5 2. b4 cxb4 3. a3 bxa3 4. Nxa3 e5 5. Nf3 Nc6 6. c3 Nf6 7. Qc2 Be7 8.
Be2 O-O 9. O-O Re8 10. Nc4 d5 11. exd5 Qxd5 12. Nb6 Bf5 13. Nxd5 Bxc2 14. Nc7
a5 15. Nxe8 Nxe8 16. Bb5 e4 17. Bxc6 bxc6 18. Nd4 Bd3 19. Nxc6 Bxf1 20. Nxe7+
Kf8 21. Ba3 Bd3 22. Ng6+ Kg8 23. Ne7+ Kh8 24. Nc6 Nc7 25. Ne5 f6 26. Nxd3 exd3
27. f3 Nd5 28. Kf2 Re8 29. Re1 Rxe1 30. Kxe1 Nb6 31. Kf2 Nc4 32. Bc1 f5 33. Kg3
g6 34. Kf4 Kg7 35. g4 Kf6 36. g5+ Ke6 37. h4 Kd5 38. h5 a4 39. hxg6 hxg6 40.
Kg3 a3 41. Bxa3 Nxa3 42. Kf4 Nc4 43. Kg3 Nxd2 44. Kf4 Nf1 45. c4+ Ke6 46. c5 d2
0-1

[Event "9. Lichtenberger Sommer"]
[Site "Berlin"]
[Date "2010.08.07"]
[Round "1.23"]
[White "Kohler, Thomas"]
[Black "Casny, Guenter"]
[Result "1-0"]
[WhiteElo "2172"]
[BlackElo "1744"]
[PlyCount "123"]
[EventDate "2010.??.??"]
[WhiteTeam "SC Zitadelle Spandau 1977 e.V."]
[BlackTeam "SC Rochade e.V."]

1. c4 c5 2. Nf3 Nf6 3. Nc3 Nc6 4. d4 cxd4 5. Nxd4 g6 6. e4 d6 7. Be2 Bg7 8. Be3
O-O 9. O-O Re8 10. Rc1 Bd7 11. Nb3 b6 12. f3 Rc8 13. Qd2 Be6 14. Nd5 Nd7 15.
Rc2 Nc5 16. Nc1 Qd7 17. b4 Nb7 18. Nb3 Rf8 19. Nf4 Nbd8 20. Rd1 Ne5 21. c5 Bxb3
22. axb3 Ne6 23. Ba6 Nxf4 24. Bxc8 Nh3+ 25. Kh1 Rxc8 26. cxb6 axb6 27. Rxc8+
Qxc8 28. Rc1 Qe6 29. Qc2 h6 30. Qc8+ Qxc8 31. Rxc8+ Kh7 32. gxh3 Nxf3 33. Rc7
Bf6 34. Rb7 g5 35. Rxb6 Kg6 36. Rb8 Be5 37. Rg8+ Kf6 38. b5 Nd4 39. b6 Nxb3 40.
b7 d5 41. exd5 Na5 42. b8=Q Bxb8 43. Rxb8 Nc4 44. Bc5 Ke5 45. Bxe7 Kxd5 46. Rh8
Ke6 47. Bb4 Ke5 48. Rxh6 f5 49. Rg6 Kf4 50. Rc6 Nb2 51. Bd2+ Ke4 52. Bxg5 f4
53. Re6+ Kf5 54. Rb6 Nd3 55. Bh4 f3 56. Kg1 Ke4 57. Re6+ Kf4 58. Bg3+ Kf5 59.
Re3 Nc5 60. Rxf3+ Kg5 61. h4+ Kh5 62. Rf5+ 1-0

[Event "9. Lichtenberger Sommer"]
[Site "Berlin"]
[Date "2010.08.07"]
[Round "1.24"]
[White "Perestjuk, Marko"]
[Black "Dimitrijeski, Kristian"]
[Result "0-1"]
[WhiteElo "1736"]
[BlackElo "2171"]
[PlyCount "60"]
[EventDate "2010.??.??"]
[WhiteTeam "SC Zitadelle Spandau 1977 e.V."]
[BlackTeam "SK König Tegel 1949 e.V."]

1. e4 c6 2. d4 d5 3. e5 Bf5 4. h4 h5 5. c4 e6 6. Nc3 dxc4 7. Bxc4 Nd7 8. Nf3
Nb6 9. Bb3 Bg4 10. Bg5 Be7 11. Qd2 Bxf3 12. gxf3 Bxg5 13. hxg5 Ne7 14. Ne4 Nf5
15. O-O-O Qe7 16. Kb1 O-O-O 17. Qc3 Nd5 18. Qc5 Kb8 19. Rhg1 g6 20. Bxd5 Rxd5
21. Qxe7 Nxe7 22. Nd6 Rf8 23. b4 Nc8 24. Nxc8 Kxc8 25. Kc2 Rfd8 26. Kc3 b6 27.
Kc4 c5 28. bxc5 bxc5 29. Rb1 Rxd4+ 30. Kxc5 R8d5+ 0-1

[Event "9. Lichtenberger Sommer"]
[Site "Berlin"]
[Date "2010.08.07"]
[Round "1.25"]
[White "Niehaus, Frank"]
[Black "Roth, Joachim"]
[Result "1-0"]
[WhiteElo "2170"]
[BlackElo "1730"]
[PlyCount "65"]
[EventDate "2010.??.??"]
[WhiteTeam "SK König Tegel 1949 e.V."]
[BlackTeam "SG Bund"]

1. e4 e6 2. d4 c5 3. Nf3 cxd4 4. Nxd4 Bc5 5. Be3 Qb6 6. c3 Nc6 7. Nd2 d5 8.
exd5 exd5 9. N2b3 Bxd4 10. Nxd4 Qd8 11. Bb5 Nge7 12. O-O O-O 13. Qf3 Ne5 14.
Qg3 N5g6 15. Rad1 Bd7 16. Bd3 a6 17. Rfe1 Rc8 18. f4 Qc7 19. Qg5 Rfe8 20. Bc2
h6 21. Qg3 Qd6 22. Qf2 Qf6 23. Rf1 Bc6 24. f5 Ne5 25. Qg3 Rcd8 26. Bf4 Nc8 27.
Rde1 Nc4 28. b3 Rxe1 29. Rxe1 N4d6 30. h4 Ne8 31. Be5 Qe7 32. f6 Nxf6 33. Nf5
1-0

[Event "9. Lichtenberger Sommer"]
[Site "Berlin"]
[Date "2010.08.07"]
[Round "1.26"]
[White "Lieder, Günter"]
[Black "Jahnz, Fabian"]
[Result "0-1"]
[WhiteElo "1721"]
[BlackElo "2164"]
[PlyCount "70"]
[EventDate "2010.??.??"]
[WhiteTeam "SK Turm Bad Hersfeld"]
[BlackTeam "SK König Tegel 1949 e.V."]

1. e4 c5 2. Nf3 e6 3. c3 d5 4. exd5 Qxd5 5. Bb5+ Nc6 6. O-O Nf6 7. Na3 a6 8.
Bxc6+ Qxc6 9. Nc2 Bd6 10. d4 cxd4 11. Ncxd4 Qc7 12. h3 O-O 13. Qc2 h6 14. a4 e5
15. Nf5 Bc5 16. Bxh6 gxh6 17. Nxh6+ Kg7 18. Nf5+ Kh8 19. N3h4 Rg8 20. Qd2 Bxf5
21. Nxf5 Nh7 22. Rad1 Rad8 23. Qe2 Qc6 24. g4 Rde8 25. b4 Ng5 26. Rd3 e4 27.
Rg3 Bd6 28. Re3 Bf4 29. b5 axb5 30. axb5 Qf6 31. Kg2 Bxe3 32. fxe3 Nf3 33. Rd1
Qxf5 34. Rd6 Rxg4+ 35. hxg4 Qxg4+ 0-1

[Event "9. Lichtenberger Sommer"]
[Site "Berlin"]
[Date "2010.08.07"]
[Round "1.27"]
[White "Reichenbach, Werner"]
[Black "Fuchs, Jörg"]
[Result "1-0"]
[WhiteElo "2162"]
[BlackElo "1719"]
[PlyCount "79"]
[EventDate "2010.??.??"]
[WhiteTeam "SK Zehlendorf e.V."]
[BlackTeam "SC Kreuzberg e.V."]

1. e4 e5 2. Nf3 d6 3. d4 exd4 4. Nxd4 Nf6 5. Nc3 Be7 6. Be2 O-O 7. O-O c5 8.
Nb3 Nc6 9. Be3 Re8 10. Qd2 Ng4 11. Bf4 Nge5 12. Nd5 Bf8 13. Bg3 a5 14. a4 Ng6
15. f3 h5 16. h3 Nb4 17. Bb5 Re6 18. Nxb4 axb4 19. Rad1 Ne5 20. f4 Nc6 21. Qd3
Rg6 22. Kh1 h4 23. Bh2 Qf6 24. c3 bxc3 25. bxc3 Be6 26. Nd2 c4 27. Nxc4 d5 28.
exd5 Bf5 29. Qf3 Re8 30. Rde1 Rxe1 31. Rxe1 Ne7 32. Ne5 Rg3 33. Bxg3 hxg3 34.
d6 Bxh3 35. gxh3 Nf5 36. d7 g2+ 37. Qxg2 Qh4 38. Nf3 Qxf4 39. d8=Q Ng3+ 40. Kg1
1-0

[Event "9. Lichtenberger Sommer"]
[Site "Berlin"]
[Date "2010.08.07"]
[Round "1.28"]
[White "Sivakumaran, Ramesh"]
[Black "Förster, Jonas"]
[Result "0-1"]
[WhiteElo "1719"]
[BlackElo "2162"]
[PlyCount "52"]
[EventDate "2010.??.??"]
[WhiteTeam "SV Empor Berlin e.V."]
[BlackTeam "SSC Rostock 07"]

1. c4 e5 2. Nc3 Nf6 3. Nf3 Nc6 4. g3 Bb4 5. Bg2 O-O 6. O-O d6 7. Qc2 h6 8. a3
Bc5 9. b4 Bb6 10. e3 a6 11. Bb2 Ba7 12. Rac1 Be6 13. Ne2 Qc8 14. Rfd1 Bf5 15.
d3 Re8 16. b5 Ne7 17. bxa6 bxa6 18. Nh4 Bh3 19. Bxa8 Qxa8 20. e4 Ng4 21. c5
Bxc5 22. d4 Bb6 23. Qd3 g5 24. f3 gxh4 25. fxg4 hxg3 26. hxg3 f5 0-1